000 00667cam a22002411 4500
001 sa 64002052
003 DLC
005 20260227112007.0
008 910920r1962uuuuii 000 0 beno
010 _asa 64002052
035 _a(OCoLC)24427667
040 _aDLC
_cWaU
_dDLC
042 _apremarc
043 _aa-ii---
050 0 0 _aPK1701
_b.B342
100 1 _aBasu, Ajit Krishna,
_d1912-
245 1 0 _aBāṃlā sāhitye raṅga byaṅga o ājagubi racanā.
260 _c[1962]
300 _a83 p.
_c22 cm.
500 _aIn Bengali.
500 _aOriginally published in Śanibārera ciṭhi.
650 0 _aBengali wit and humor
_xHistory and criticism.
999 _c57136
_d57136